[Event "11th LCC Super Blitz 2019"]
[Site "London"]
[Date "2019.12.08"]
[Round "8.11"]
[White "Zhao, Haolin"]
[Black "Rahman, Asad"]
[Result "0-1"]
[WhiteElo "1725"]
[BlackElo "1923"]
[Annotator "NA"]
[PlyCount "138"]
[EventDate "2019.12.08"]
[EventType "swiss"]
[EventCountry "ENG"]
[SourceTitle "playchess.com"]
[Source "ChessBase"]
[SourceQuality "1"]
[TimeControl "180+2"]

1. e4 {[%emt 0:00:00]} c5 {[%emt 0:00:00]} 2. Nc3 {[%emt 0:00:01]} Nc6 {[%emt 0:00:00]} 3. f4 {[%emt 0:00:01]} d6 {[%emt 0:00:01]} 4. Nf3 {[%emt 0:00:02]} Nf6 {[%emt 0:00:02]} 5. Bb5 {[%emt 0:00:01]} Bd7 {[%emt 0:00:01]} 6. O-O {[%emt 0:00:02]} g6 {[%emt 0:00:09]} 7. d3 {[%emt 0:00:02]} Bg7 {[%emt 0:00:00]} 8. Qe1 {[%emt 0:00:01]} O-O {[%emt 0:00:02]} 9. Bxc6 {[%emt 0:00:04]} Bxc6 {[%emt 0:00:03]} 10. Qh4 {[%emt 0:00:02]} d5 {[%emt 0:00:09]} 11. f5 {[%emt 0:00:08]} dxe4 {[%emt 0:00:14]} 12. dxe4 {[%emt 0:00:02]} b5 {[%emt 0:00:11]} 13. Bh6 {[%emt 0:00:04]} b4 {[%emt 0:00:03]} 14. Ne2 {[%emt 0:00:01]} Bxe4 {[%emt 0:00:24]} 15. Bxg7 {[%emt 0:00:08]} Kxg7 {[%emt 0:00:01]} 16. Ng5 {[%emt 0:00:06]} Bxf5 {[%emt 0:00:11]} 17. g4 {[%emt 0:00:02]} h6 {[%emt 0:00:15]} 18. gxf5 {[%emt 0:00:13]} hxg5 {[%emt 0:00:02]} 19. Qxg5 {[%emt 0:00:01]} Rh8 {[%emt 0:00:29]} 20. fxg6 {[%emt 0:00:06]} fxg6 {[%emt 0:00:01]} 21. Rad1 {[%emt 0:00:02]} Qc7 {[%emt 0:00:12]} 22. Nf4 {[%emt 0:00:03]} Qb6 {[%emt 0:00:15]} 23. Nxg6 {[%emt 0:00:04]} c4+ {[%emt 0:00:14]} 24. Rf2 {[%emt 0:00:14]} Qxf2+ {[%emt 0:00:05]} 25. Kxf2 {[%emt 0:00:08]} Ne4+ {[%emt 0:00:00]} 26. Kg2 {[%emt 0:00:04]} Nxg5 {[%emt 0:00:00]} 27. Nxh8 {[%emt 0:00:02]} Rxh8 {[%emt 0:00:00]} 28. Rd5 {[%emt 0:00:05]} Kf6 {[%emt 0:00:00]} 29. Rc5 {[%emt 0:00:08]} c3 {[%emt 0:00:00]} 30. bxc3 {[%emt 0:00:02]} bxc3 {[%emt 0:00:00]} 31. Rxc3 {[%emt 0:00:01]} e5 {[%emt 0:00:00]} 32. Ra3 {[%emt 0:00:03]} Rh7 {[%emt 0:00:00]} 33. Kg3 {[%emt 0:00:05]} Kf5 {[%emt 0:00:00]} 34. h4 {[%emt 0:00:06]} Ne4+ {[%emt 0:00:00]} 35. Kf3 {[%emt 0:00:03]} Rxh4 {[%emt 0:00:00]} 36. Rxa7 {[%emt 0:00:01]} Rh3+ {[%emt 0:00:00]} 37. Ke2 {[%emt 0:00:02]} Rc3 {[%emt 0:00:00]} 38. Rf7+ {[%emt 0:00:03]} Ke6 {[%emt 0:00:00]} 39. Ra7 {[%emt 0:00:09]} Kd5 {[%emt 0:00:00]} 40. Ra5+ {[%emt 0:00:05]} Kd4 {[%emt 0:00:00]} 41. Ra4+ {[%emt 0:00:01]} Kd5 {[%emt 0:00:00]} 42. Ra5+ {[%emt 0:00:06]} Nc5 {[%emt 0:00:00]} 43. Kd2 {[%emt 0:00:02]} Rc4 {[%emt 0:00:00]} 44. Ra3 {[%emt 0:00:07]} Rh4 {[%emt 0:00:00]} 45. Kd1 {[%emt 0:00:09]} e4 {[%emt 0:00:00]} 46. Ke2 {[%emt 0:00:03]} Kd4 {[%emt 0:00:01]} 47. c3+ {[%emt 0:00:03]} Kd5 {[%emt 0:00:05]} 48. Ra5 {[%emt 0:00:03]} Rh2+ {[%emt 0:00:02]} 49. Ke3 {[%emt 0:00:03]} Rh3+ {[%emt 0:00:01]} 50. Ke2 {[%emt 0:00:01]} Rxc3 {[%emt 0:00:01]} 51. Ra8 {[%emt 0:00:03]} Rh3 {[%emt 0:00:06]} 52. Rd8+ {[%emt 0:00:01]} Kc4 {[%emt 0:00:01]} 53. Rd6 {[%emt 0:00:08]} Rh2+ {[%emt 0:00:03]} 54. Ke3 {[%emt 0:00:02]} Rxa2 {[%emt 0:00:02]} 55. Rd4+ {[%emt 0:00:04]} Kb5 {[%emt 0:00:01]} 56. Rd8 {[%emt 0:00:04]} Ra3+ {[%emt 0:00:01]} 57. Ke2 {[%emt 0:00:02]} Kc4 {[%emt 0:00:01]} 58. Rc8 {[%emt 0:00:02]} Kd4 {[%emt 0:00:06]} 59. Rd8+ {[%emt 0:00:01]} Ke5 {[%emt 0:00:01]} 60. Re8+ {[%emt 0:00:02]} Ne6 {[%emt 0:00:00]} 61. Rb8 {[%emt 0:00:06]} Nf4+ {[%emt 0:00:05]} 62. Kf2 {[%emt 0:00:02]} Rf3+ {[%emt 0:00:02]} 63. Ke1 {[%emt 0:00:02]} e3 {[%emt 0:00:03]} 64. Rb5+ {[%emt 0:00:04]} Nd5 {[%emt 0:00:03]} 65. Ke2 {[%emt 0:00:02]} Rf2+ {[%emt 0:00:00]} 66. Ke1 {[%emt 0:00:03]} Rh2 {[%emt 0:00:02]} 67. Ra5 {[%emt 0:00:03]} Ke4 {[%emt 0:00:01]} 68. Ra4+ {[%emt 0:00:01]} Kf3 {[%emt 0:00:03]} 69. Kd1 {[%emt 0:00:03]} Nc3+ {[%emt 0:00:14] Kc2} 0-1

[Event "11th LCC Super Blitz 2019"]
[Site "London"]
[Date "2019.12.08"]
[Round "8.12"]
[White "Bergner, Matthias"]
[Black "Thatte, Nandinee"]
[Result "1-0"]
[WhiteElo "1632"]
[BlackElo "1270"]
[Annotator "NA"]
[PlyCount "73"]
[EventDate "2019.12.08"]
[EventType "swiss"]
[EventCountry "ENG"]
[SourceTitle "playchess.com"]
[Source "ChessBase"]
[SourceQuality "1"]
[TimeControl "180+2"]

1. d4 {[%emt 0:00:00]} Nf6 {[%emt 0:00:00]} 2. e3 {[%emt 0:00:01]} g6 {[%emt 0:00:01]} 3. f4 {[%emt 0:00:01]} Bg7 {[%emt 0:00:02]} 4. Nf3 {[%emt 0:00:02]} O-O {[%emt 0:00:06]} 5. Bd3 {[%emt 0:00:02]} d5 {[%emt 0:00:01]} 6. O-O {[%emt 0:00:03]} c5 {[%emt 0:00:02]} 7. c3 {[%emt 0:00:01]} Nc6 {[%emt 0:00:01]} 8. Nbd2 {[%emt 0:00:02]} Bd7 {[%emt 0:00:20]} 9. Ne5 {[%emt 0:00:03]} Nxe5 {[%emt 0:00:34]} 10. fxe5 {[%emt 0:00:03]} Ng4 {[%emt 0:00:05]} 11. Nf3 {[%emt 0:00:15]} Nh6 {[%emt 0:00:04]} 12. Bd2 {[%emt 0:00:06]} Nf5 {[%emt 0:00:03]} 13. Qe2 {[%emt 0:00:19]} Qb6 {[%emt 0:00:07]} 14. b3 {[%emt 0:00:10]} Rac8 {[%emt 0:00:27]} 15. Rac1 {[%emt 0:00:03]} a6 {[%emt 0:00:09]} 16. g3 {[%emt 0:00:15]} Bb5 {[%emt 0:00:16]} 17. Bxb5 {[%emt 0:00:04]} Qxb5 {[%emt 0:00:07]} 18. Qxb5 {[%emt 0:00:02]} axb5 {[%emt 0:00:02]} 19. g4 {[%emt 0:00:16]} Nh6 {[%emt 0:00:05]} 20. h3 {[%emt 0:00:02]} f5 {[%emt 0:00:12]} 21. exf6 {[%emt 0:00:11]} Bxf6 {[%emt 0:00:08]} 22. Kg2 {[%emt 0:00:03]} Bg7 {[%emt 0:00:06]} 23. Ng5 {[%emt 0:00:22]} cxd4 {[%emt 0:00:22]} 24. cxd4 {[%emt 0:00:28]} Bf6 {[%emt 0:00:05]} 25. Ne6 {[%emt 0:00:12]} Rfe8 {[%emt 0:00:07]} 26. Nc5 {[%emt 0:00:03]} Rc7 {[%emt 0:00:05]} 27. Ba5 {[%emt 0:00:12]} Rc6 {[%emt 0:00:06]} 28. Bd2 {[%emt 0:00:13]} b6 {[%emt 0:00:05]} 29. Nd3 {[%emt 0:00:05]} Rec8 {[%emt 0:00:03]} 30. Nb4 {[%emt 0:00:05]} Rxc1 {[%emt 0:00:02]} 31. Rxc1 {[%emt 0:00:01]} Rxc1 {[%emt 0:00:02]} 32. Bxc1 {[%emt 0:00:01]} Nf7 {[%emt 0:00:02]} 33. Kf3 {[%emt 0:00:02]} Nd6 {[%emt 0:00:01]} 34. Nxd5 {[%emt 0:00:02]} Kf7 {[%emt 0:00:04]} 35. Nxb6 {[%emt 0:00:02]} Ke6 {[%emt 0:00:04]} 36. Ke2 {[%emt 0:00:03]} Bg7 {[%emt 0:00:03]} 37. Kd3 {[%emt 0:00:02] Kd5 Ke4+} 1-0

[Event "11th LCC Super Blitz 2019"]
[Site "London"]
[Date "2019.12.08"]
[Round "8.12"]
[White "Jackson, Julius"]
[Black "Vikas Narayan S P"]
[Result "0-1"]
[WhiteElo "1584"]
[BlackElo "1026"]
[Annotator "NA"]
[PlyCount "82"]
[EventDate "2019.12.08"]
[EventType "swiss"]
[EventCountry "ENG"]
[SourceTitle "playchess.com"]
[Source "ChessBase"]
[SourceQuality "1"]
[TimeControl "180+2"]

1. e4 {[%emt 0:00:00]} e5 {[%emt 0:00:00]} 2. Nf3 {[%emt 0:00:00]} Nc6 {[%emt 0:00:00]} 3. d4 {[%emt 0:00:00]} exd4 {[%emt 0:00:02]} 4. Bc4 {[%emt 0:00:01]} Nf6 {[%emt 0:00:02]} 5. e5 {[%emt 0:00:01]} Ne4 {[%emt 0:00:08]} 6. Bd5 {[%emt 0:00:15]} Nc5 {[%emt 0:00:11]} 7. Bxc6 {[%emt 0:00:09]} dxc6 {[%emt 0:00:05]} 8. Nxd4 {[%emt 0:00:03]} Be7 {[%emt 0:00:08]} 9. O-O {[%emt 0:00:10]} O-O {[%emt 0:00:05]} 10. Nc3 {[%emt 0:00:01]} Ne6 {[%emt 0:00:07]} 11. Be3 {[%emt 0:00:21]} Bb4 {[%emt 0:00:04]} 12. Qd3 {[%emt 0:00:23]} Re8 {[%emt 0:00:05]} 13. Rfe1 {[%emt 0:00:09]} Nxd4 {[%emt 0:00:11]} 14. Bxd4 {[%emt 0:00:02]} c5 {[%emt 0:00:01]} 15. Be3 {[%emt 0:00:21]} Be6 {[%emt 0:00:07]} 16. Qe4 {[%emt 0:00:11]} Qe7 {[%emt 0:00:10]} 17. Rad1 {[%emt 0:00:09]} c6 {[%emt 0:00:07]} 18. a3 {[%emt 0:00:07]} Bd5 {[%emt 0:00:05]} 19. Qg4 {[%emt 0:00:24]} Bxc3 {[%emt 0:00:09]} 20. bxc3 {[%emt 0:00:04]} Qxe5 {[%emt 0:00:04]} 21. Bd2 {[%emt 0:00:03]} Qf6 {[%emt 0:00:05]} 22. Qg3 {[%emt 0:00:18]} Re6 {[%emt 0:00:10]} 23. Rb1 {[%emt 0:00:06]} b6 {[%emt 0:00:04]} 24. a4 {[%emt 0:00:08]} Rae8 {[%emt 0:00:03]} 25. h3 {[%emt 0:00:08]} Qg6 {[%emt 0:00:05]} 26. Qxg6 {[%emt 0:00:11]} fxg6 {[%emt 0:00:03]} 27. Rxe6 {[%emt 0:00:00]} Rxe6 {[%emt 0:00:04]} 28. Re1 {[%emt 0:00:00]} Rxe1+ {[%emt 0:00:04]} 29. Bxe1 {[%emt 0:00:00]} Kf7 {[%emt 0:00:02]} 30. Bd2 {[%emt 0:00:01]} Ke6 {[%emt 0:00:03]} 31. Kf1 {[%emt 0:00:01]} h5 {[%emt 0:00:03]} 32. g3 {[%emt 0:00:01]} Ba2 {[%emt 0:00:05]} 33. Ke2 {[%emt 0:00:03]} Kd5 {[%emt 0:00:07]} 34. Kd3 {[%emt 0:00:06]} b5 {[%emt 0:00:02]} 35. axb5 {[%emt 0:00:03]} cxb5 {[%emt 0:00:02]} 36. Bf4 {[%emt 0:00:05]} Bc4+ {[%emt 0:00:02]} 37. Kd2 {[%emt 0:00:01]} a5 {[%emt 0:00:01]} 38. Kc1 {[%emt 0:00:04]} a4 {[%emt 0:00:02]} 39. Kb2 {[%emt 0:00:02]} Ke4 {[%emt 0:00:02]} 40. Be3 {[%emt 0:00:03]} Kd5 {[%emt 0:00:03]} 41. Bf4 {[%emt 0:00:01]} b4 {[%emt 0:00:16]} 0-1

[Event "11th LCC Super Blitz 2019"]
[Site "London"]
[Date "2019.12.08"]
[Round "8.12"]
[White "Vaidya, Raghav"]
[Black "Davis, Holden"]
[Result "0-1"]
[WhiteElo "1467"]
[BlackElo "1769"]
[Annotator "NA"]
[PlyCount "70"]
[EventDate "2019.12.08"]
[EventType "swiss"]
[EventCountry "ENG"]
[SourceTitle "playchess.com"]
[Source "ChessBase"]
[SourceQuality "1"]
[TimeControl "180+2"]

1. c4 {[%emt 0:00:00]} e6 {[%emt 0:00:00]} 2. Nc3 {[%emt 0:00:01]} f5 {[%emt 0:00:00]} 3. g3 {[%emt 0:00:02]} Nf6 {[%emt 0:00:01]} 4. Bg2 {[%emt 0:00:01]} Be7 {[%emt 0:00:01]} 5. Nf3 {[%emt 0:00:02]} O-O {[%emt 0:00:01]} 6. O-O {[%emt 0:00:01]} d6 {[%emt 0:00:01]} 7. d4 {[%emt 0:00:07]} a5 {[%emt 0:00:01]} 8. a3 {[%emt 0:00:02]} Qe8 {[%emt 0:00:02]} 9. Re1 {[%emt 0:00:08]} Ne4 {[%emt 0:00:01]} 10. Nxe4 {[%emt 0:00:02]} fxe4 {[%emt 0:00:01]} 11. Nd2 {[%emt 0:00:04]} d5 {[%emt 0:00:07]} 12. cxd5 {[%emt 0:00:02]} exd5 {[%emt 0:00:01]} 13. Nb3 {[%emt 0:00:02]} a4 {[%emt 0:00:06]} 14. Nd2 {[%emt 0:00:05]} Nc6 {[%emt 0:00:05]} 15. Nb1 {[%emt 0:00:02]} Bf6 {[%emt 0:00:08]} 16. e3 {[%emt 0:00:08]} Qg6 {[%emt 0:00:02]} 17. Nc3 {[%emt 0:00:03]} Be6 {[%emt 0:00:05]} 18. Nxa4 {[%emt 0:00:05]} Bg4 {[%emt 0:00:09]} 19. Qc2 {[%emt 0:00:07]} Be7 {[%emt 0:00:11]} 20. h3 {[%emt 0:00:06]} Bf3 {[%emt 0:00:01]} 21. Bxf3 {[%emt 0:00:07]} Rxf3 {[%emt 0:00:01]} 22. Nc3 {[%emt 0:00:11]} Qe6 {[%emt 0:00:06]} 23. Kg2 {[%emt 0:00:05]} Raf8 {[%emt 0:00:01]} 24. Re2 {[%emt 0:00:08]} Na5 {[%emt 0:00:06]} 25. Bd2 {[%emt 0:00:07]} Nc4 {[%emt 0:00:01]} 26. Rh1 {[%emt 0:00:12]} c6 {[%emt 0:00:01]} 27. Bc1 {[%emt 0:00:21]} Qf5 {[%emt 0:00:04]} 28. a4 {[%emt 0:00:13]} h5 {[%emt 0:00:12]} 29. b3 {[%emt 0:00:02]} Nb6 {[%emt 0:00:01]} 30. Qb2 {[%emt 0:00:25]} Nd7 {[%emt 0:00:01]} 31. Qc2 {[%emt 0:00:04]} Bd6 {[%emt 0:00:06]} 32. Qb2 {[%emt 0:00:08]} h4 {[%emt 0:00:12]} 33. g4 {[%emt 0:00:05]} Rg3+ 34. fxg3 {[%emt 0:00:28]} Qf3+ {[%emt 0:00:24]} 35. Kg1 {[%emt 0:00:04]} Qf1+ {[%emt 0:00:08]} 0-1

[Event "11th LCC Super Blitz 2019"]
[Site "London"]
[Date "2019.12.08"]
[Round "8.13"]
[White "Pham, Catherine"]
[Black "Caceres De La Calle, Eduardo"]
[Result "0-1"]
[WhiteElo "1280"]
[BlackElo "1575"]
[Annotator "NA"]
[PlyCount "66"]
[EventDate "2019.12.08"]
[EventType "swiss"]
[EventCountry "ENG"]
[SourceTitle "playchess.com"]
[Source "ChessBase"]
[SourceQuality "1"]
[TimeControl "180+2"]

1. e4 {[%emt 0:00:00]} e5 {[%emt 0:00:00]} 2. Nf3 {[%emt 0:00:02]} Nc6 {[%emt 0:00:00]} 3. Bb5 {[%emt 0:00:01]} a6 {[%emt 0:00:01]} 4. Ba4 {[%emt 0:00:03]} Nf6 {[%emt 0:00:01]} 5. O-O {[%emt 0:00:04]} Be7 {[%emt 0:00:01]} 6. Re1 {[%emt 0:00:02]} d6 {[%emt 0:00:01]} 7. d3 {[%emt 0:00:03]} b5 {[%emt 0:00:01]} 8. Bb3 {[%emt 0:00:01]} Na5 {[%emt 0:00:01]} 9. Be3 {[%emt 0:00:12]} O-O {[%emt 0:00:05]} 10. Qd2 {[%emt 0:00:08]} Nxb3 {[%emt 0:00:08]} 11. axb3 {[%emt 0:00:02]} c5 {[%emt 0:00:01]} 12. b4 {[%emt 0:00:21]} c4 {[%emt 0:00:07]} 13. dxc4 {[%emt 0:00:02]} bxc4 {[%emt 0:00:08]} 14. c3 {[%emt 0:00:02]} Nxe4 {[%emt 0:00:05]} 15. Qd3 {[%emt 0:00:06]} cxd3 {[%emt 0:00:03]} 16. Rd1 {[%emt 0:00:05]} f5 {[%emt 0:00:12]} 17. Rxd3 {[%emt 0:00:06]} f4 {[%emt 0:00:03]} 18. Bc1 {[%emt 0:00:06]} Bg4 {[%emt 0:00:08]} 19. Nbd2 {[%emt 0:00:10]} Nxd2 {[%emt 0:00:08]} 20. Nxd2 {[%emt 0:00:05]} d5 {[%emt 0:00:05]} 21. f3 {[%emt 0:00:06]} Qb6+ {[%emt 0:00:05]} 22. Kh1 {[%emt 0:00:04]} Rad8 {[%emt 0:00:07]} 23. fxg4 {[%emt 0:00:08]} e4 {[%emt 0:00:06]} 24. Rd4 {[%emt 0:00:06]} Bf6 {[%emt 0:00:06]} 25. Nb3 {[%emt 0:00:45]} Bxd4 {[%emt 0:00:05]} 26. Nxd4 {[%emt 0:00:02]} f3 {[%emt 0:00:11]} 27. gxf3 {[%emt 0:00:06]} Rxf3 {[%emt 0:00:03]} 28. Kg2 {[%emt 0:00:10]} Rdf8 {[%emt 0:00:19]} 29. Bg5 {[%emt 0:00:25]} Rf2+ {[%emt 0:00:09]} 30. Kg1 {[%emt 0:00:01]} Rxb2 {[%emt 0:00:12]} 31. Rc1 {[%emt 0:00:05]} Rff2 {[%emt 0:00:13]} 32. h4 {[%emt 0:00:07]} Qd6 {[%emt 0:00:10]} 33. Be3 {[%emt 0:00:14]} Qh2# {[%emt 0:00:05]} 0-1

[Event "11th LCC Super Blitz 2019"]
[Site "London"]
[Date "2019.12.08"]
[Round "8.13"]
[White "Ball, Charlie J"]
[Black "Ignatovic, Ernest"]
[Result "0-1"]
[WhiteElo "1249"]
[BlackElo "1703"]
[Annotator "NA"]
[PlyCount "88"]
[EventDate "2019.12.08"]
[EventType "swiss"]
[EventCountry "ENG"]
[SourceTitle "playchess.com"]
[Source "ChessBase"]
[SourceQuality "1"]
[TimeControl "180+2"]

1. d4 {[%emt 0:03:02]} Nf6 2. Bf4 d6 {[%emt 0:00:04]} 3. Nc3 {[%emt 0:00:03]} g6 {[%emt 0:00:17]} 4. e4 {[%emt 0:00:02]} Bg7 {[%emt 0:00:14]} 5. Qd2 {[%emt 0:00:01]} a5 {[%emt 0:00:18]} 6. a4 {[%emt 0:00:05]} Bd7 {[%emt 0:00:10]} 7. Be2 {[%emt 0:00:01]} c6 {[%emt 0:00:02]} 8. h4 {[%emt 0:00:06]} h5 {[%emt 0:00:04]} 9. Nf3 {[%emt 0:00:08]} Na6 {[%emt 0:00:07]} 10. Ng5 {[%emt 0:00:07]} Nc7 {[%emt 0:00:08]} 11. e5 {[%emt 0:00:33]} dxe5 {[%emt 0:00:21]} 12. dxe5 {[%emt 0:00:02]} Nfd5 {[%emt 0:00:04]} 13. Nxd5 {[%emt 0:00:08]} Nxd5 {[%emt 0:00:03]} 14. Bh2 {[%emt 0:00:03]} Bf5 {[%emt 0:00:03]} 15. O-O-O {[%emt 0:00:28]} O-O {[%emt 0:00:03]} 16. Bd3 {[%emt 0:00:07]} Bxd3 {[%emt 0:00:05]} 17. Qxd3 {[%emt 0:00:01]} Nb4 18. Qb3 {[%emt 0:00:17]} Qb6 {[%emt 0:00:05]} 19. e6 {[%emt 0:00:06]} Rad8 {[%emt 0:00:42]} 20. exf7+ {[%emt 0:00:03]} Kh8 {[%emt 0:00:01]} 21. Rxd8 {[%emt 0:00:20]} Rxd8 {[%emt 0:00:01]} 22. f8=Q+ {[%emt 0:00:11]} Rxf8 {[%emt 0:00:06]} 23. Nf7+ Rxf7 {[%emt 0:00:11]} 24. Qxf7 {[%emt 0:00:01]} Nd5 {[%emt 0:00:15]} 25. c3 {[%emt 0:00:19]} Qb3 26. Qe8+ {[%emt 0:00:05]} Kh7 {[%emt 0:00:01]} 27. Qb8 {[%emt 0:00:18]} Bh6+ {[%emt 0:00:12]} 28. Bf4 {[%emt 0:00:07]} Bxf4+ {[%emt 0:00:02]} 29. Qxf4 {[%emt 0:00:02]} Nxf4 30. Re1 {[%emt 0:00:03]} Nd3+ {[%emt 0:00:02]} 31. Kd2 Nxe1 {[%emt 0:00:01]} 32. Kxe1 Qxb2 {[%emt 0:00:01]} 33. c4 {[%emt 0:00:02]} Qc3+ {[%emt 0:00:01]} 34. Ke2 Qxc4+ {[%emt 0:00:01]} 35. Kf3 Qxa4 {[%emt 0:00:02]} 36. Kg3 Qe4 {[%emt 0:00:01]} 37. f4 {[%emt 0:00:02]} Qe3+ {[%emt 0:00:02]} 38. Kh2 {[%emt 0:00:01]} Qxf4+ 39. Kg1 a4 {[%emt 0:00:01]} 40. g3 {[%emt 0:00:02]} Qxg3+ {[%emt 0:00:02]} 41. Kf1 Qh2 {[%emt 0:00:05]} 42. Ke1 {[%emt 0:00:02]} a3 {[%emt 0:00:02]} 43. Kd1 a2 {[%emt 0:00:02]} 44. Kc1 a1=Q# {[%emt 0:00:01]} 0-1

[Event "11th LCC Super Blitz 2019"]
[Site "London"]
[Date "2019.12.08"]
[Round "8.14"]
[White "Muhunthan, Charukgan"]
[Black "Essis, Essoh Jean Mathieu C"]
[Result "1-0"]
[WhiteElo "1401"]
[BlackElo "1438"]
[Annotator "NA"]
[PlyCount "57"]
[EventDate "2019.12.08"]
[EventType "swiss"]
[EventCountry "ENG"]
[SourceTitle "playchess.com"]
[Source "ChessBase"]
[SourceQuality "1"]
[TimeControl "180+2"]

1. e4 {[%emt 0:00:00]} e5 {[%emt 0:00:00]} 2. Nf3 {[%emt 0:00:01]} Nc6 {[%emt 0:00:00]} 3. Bb5 {[%emt 0:00:02]} a6 {[%emt 0:00:03]} 4. Ba4 {[%emt 0:00:01]} b5 {[%emt 0:00:07]} 5. Bb3 {[%emt 0:00:01]} h6 {[%emt 0:00:02]} 6. c3 {[%emt 0:00:04]} d6 {[%emt 0:00:01]} 7. h3 {[%emt 0:00:01]} Bb7 {[%emt 0:00:03]} 8. Qe2 {[%emt 0:00:02]} Nf6 {[%emt 0:00:07]} 9. O-O {[%emt 0:00:03]} Nd7 {[%emt 0:00:20]} 10. Rd1 {[%emt 0:00:10]} Nc5 {[%emt 0:00:05]} 11. Bc2 {[%emt 0:00:04]} Be7 {[%emt 0:00:10]} 12. d4 {[%emt 0:00:04]} exd4 {[%emt 0:00:09]} 13. cxd4 {[%emt 0:00:01]} Ne6 {[%emt 0:00:06]} 14. d5 {[%emt 0:00:08]} Nb4 {[%emt 0:00:42]} 15. dxe6 {[%emt 0:00:01]} Nxc2 {[%emt 0:00:02]} 16. exf7+ {[%emt 0:00:01]} Kxf7 {[%emt 0:00:04]} 17. Qxc2 {[%emt 0:00:03]} Qf8 {[%emt 0:00:31]} 18. Nbd2 {[%emt 0:00:34]} Bf6 {[%emt 0:00:01]} 19. Qxc7+ {[%emt 0:00:05]} Qe7 {[%emt 0:00:04]} 20. Qxe7+ {[%emt 0:00:05]} Kxe7 {[%emt 0:00:04]} 21. Re1 {[%emt 0:00:01]} Kf7 {[%emt 0:00:04]} 22. Rb1 {[%emt 0:00:03]} Rac8 {[%emt 0:00:09]} 23. Nb3 {[%emt 0:00:08]} Rc2 {[%emt 0:00:13]} 24. Nbd4 {[%emt 0:00:01]} Bxd4 {[%emt 0:00:18]} 25. Nxd4 {[%emt 0:00:01]} Rc4 {[%emt 0:00:04]} 26. Nf5 {[%emt 0:00:08]} Bxe4 {[%emt 0:00:12]} 27. Rxe4 {[%emt 0:00:03]} Kf6 {[%emt 0:00:10]} 28. Rxc4 bxc4 29. Nxd6 {[%emt 0:00:03]} 1-0

[Event "11th LCC Super Blitz 2019"]
[Site "London"]
[Date "2019.12.08"]
[Round "9.1"]
[White "Ratnesan, Ranesh"]
[Black "Pert, Nicholas"]
[Result "0-1"]
[WhiteElo "2213"]
[BlackElo "2560"]
[Annotator "ChessBase"]
[PlyCount "60"]
[EventDate "2019.12.08"]
[EventType "swiss"]
[EventCountry "ENG"]
[SourceTitle "playchess.com"]
[Source "ChessBase"]
[SourceQuality "1"]
[TimeControl "180+2"]

1. Nf3 d5 2. g3 {[%emt 0:00:02]} g6 {[%emt 0:00:00]} 3. Bg2 {[%emt 0:00:02]} Bg7 {[%emt 0:00:01]} 4. d4 {[%emt 0:00:03]} c6 {[%emt 0:00:03]} 5. O-O {[%emt 0:00:03]} Nf6 {[%emt 0:00:01]} 6. c4 {[%emt 0:00:01]} dxc4 {[%emt 0:00:04]} 7. Ne5 {[%emt 0:00:11]} Ng4 {[%emt 0:00:02]} 8. f4 {[%emt 0:00:06]} O-O {[%emt 0:00:12]} 9. Nc3 {[%emt 0:00:13]} Nxe5 {[%emt 0:00:04]} 10. fxe5 {[%emt 0:00:01]} c5 {[%emt 0:00:04]} 11. dxc5 {[%emt 0:01:20]} Qxd1 {[%emt 0:00:14]} 12. Rxd1 {[%emt 0:00:01]} Bxe5 {[%emt 0:00:11]} 13. Bf4 {[%emt 0:00:02]} Bxf4 {[%emt 0:00:11]} 14. gxf4 {[%emt 0:00:01]} Nc6 {[%emt 0:00:00]} 15. e4 {[%emt 0:00:07]} Bg4 {[%emt 0:00:04]} 16. Rd2 {[%emt 0:00:12]} Rad8 {[%emt 0:00:04]} 17. Rxd8 {[%emt 0:00:14]} Rxd8 {[%emt 0:00:01]} 18. Nd5 {[%emt 0:00:08]} Kg7 {[%emt 0:00:05]} 19. Ne3 {[%emt 0:00:11]} Be2 {[%emt 0:00:02]} 20. Kf2 {[%emt 0:00:03]} Rd2 {[%emt 0:00:10]} 21. Kg3 {[%emt 0:00:09]} Rxb2 {[%emt 0:00:03]} 22. Rc1 {[%emt 0:00:01]} Rxa2 {[%emt 0:00:03]} 23. Nxc4 {[%emt 0:00:02]} Bxc4 {[%emt 0:00:07]} 24. Rxc4 {[%emt 0:00:01]} e5 {[%emt 0:00:00]} 25. fxe5 {[%emt 0:00:06]} a5 {[%emt 0:00:05]} 26. Rc3 {[%emt 0:00:06]} a4 {[%emt 0:00:03]} 27. Bf1 {[%emt 0:00:12]} Nxe5 {[%emt 0:00:02]} 28. Kf4 {[%emt 0:00:07]} Kf6 {[%emt 0:00:17]} 29. Bb5 {[%emt 0:00:07]} Rxh2 {[%emt 0:00:09]} 30. Bxa4 {[%emt 0:00:01]} Rg2 {[%emt 0:00:15] Kxe5+ Kxe5} 0-1